LEADER 01046nam a2200241 i 4500 001 000000198933 003 CaOOAMICUS 005 20140508000000.0 008 140508s1962 it u000 u ita u 013 $a177623 040 $aSeMil$bita 100 1 $aSala, Felice Maria .$0(OLS)http://semarc/name/69462 245 10$aIrradio il Cristo :$bD. Serafino M. Ghidini, barnabita : 1902-1924 /$cFelice M. Sala. 260 $a[S.l. :$bs.n.],$cstampa 1962$e(Genova :$fStringa,$gstampa 1962) 300 $a139 p. :$b[8] c. di tav. :$bill. ;$c21 cm . 500 $aFondo card. Giovanni Colombo. 650 4$aGhidini, Serafino .$0(OLS)http://semarc/subject/37377 850 $aSeMil 852 $aSeMil$W1$xVenegono$y1$m3GC III 20$j149486$B149486$CSeMilBibl$Z2$F160881 $8B 941 1 $a3 961 $aLascito: Colombo Card. Giovanni 996 $6245$aIrradio il Cristo :$bD. Serafino M. Ghidini, barnabita : 1902-1924$9(OLS)http://semarc/title/287593 996 $6260$a[S.l. :$bs.n.]$9(OLS)http://semarc/publisher/29751 LEADER 01074nam a2200265 i 4500 001 000000111067 003 CaOOAMICUS 005 20070531000000.0 008 070531s2002 it u000 u ita u 013 $a83748 020 $a88-8025-298-4 040 $aSeMil$bita 100 1 $aTravaglino, Carlo.$0(OLS)http://semarc/name/46549 245 13$aLa locanda del tempo :$bnovecento letterario e percorsi di grazia /$cCarlo Travaglino. 260 $aMilano :$bCentro Ambrosiano,$ccopyr. 2002. 300 $a261 p. , 21 cm. 500 $aFondo Card. C.M. Martini. 650 4$aGesł Cristo - Letteratura.$0(OLS)http://semarc/subject/4703 850 $aSeMil 852 $aSeMil$W1$xVenegono$y1$m1D III 73$j66902$B66902$CSeMilBibl$Z2$F79769 $81 941 1 $a4 961 $aOmaggio: Martini Card. Carlo Maria 996 $6020$a88-8025-298-4$9(OLS)http://semarc/number/93077 996 $6245$aLa locanda del tempo :$bnovecento letterario e percorsi di grazia$9(OLS)http://semarc/title/161559 996 $6260$aMilano :$bCentro Ambrosiano$9(OLS)http://semarc/publisher/29766